[Event "World Blitz Women 2018"]
[Site "St Petersburg RUS"]
[Date "2018.12.29"]
[Round "1.36"]
[White "Iljushina,O"]
[Black "Arabidze,M"]
[Result "0-1"]
[WhiteElo "2259"]
[BlackElo "2387"]

1.d4 d5 2.c4 dxc4 3.e4 Nc6 4.Nf3 Bg4 5.d5 Ne5 6.Bf4 Ng6 7.Bg3 Nf6 8.Bxc4 e5
9.dxe6 Qxd1+ 10.Kxd1 fxe6 11.Nc3 Bb4 12.Re1 e5 13.Kc2 Bxf3 14.gxf3 Bd6 15.Rad1 Nh5
16.Nb5 Ke7 17.Re3 a6 18.Nxd6 cxd6 19.Rb3 b5 20.Bd5 Rac8+ 21.Rc3 Nhf4 22.Bxf4 Nxf4
23.Bb7 Rxc3+ 24.Kxc3 Rb8 25.Bd5 a5 26.Kb3 Rc8 27.Rd2 Rc5 28.a4 b4 29.Rc2 Rxc2
30.Kxc2 Kd7 31.Kb3 Kc7 32.Kc4 Kb6 33.Bg8 h5 34.h4 g5 35.hxg5 h4 36.g6 Nxg6
37.Be6 Nf4 38.Bg4 h3 39.Bxh3 Nxh3 40.Kd5 Kc7 41.Ke6 Nxf2 42.Kf5 Nd3  0-1

[Event "Pan-Am Intercollegiate"]
[Site "Burlingame USA"]
[Date "2018.12.30"]
[Round "6.1"]
[White "Baryshpolets,A"]
[Black "Nyzhnyk,I"]
[Result "0-1"]
[WhiteElo "2578"]
[BlackElo "2624"]

1.d4 d5 2.c4 dxc4 3.e4 e5 4.Nf3 Bb4+ 5.Nc3 Nf6 6.Nxe5 b5 7.f3 Bb7 8.a3 Ba5
9.Be3 a6 10.Be2 O-O 11.O-O Bb6 12.a4 c6 13.Kh1 Qe7 14.b3 Qb4 15.Na2 Qxb3
16.Qc1 c3 17.Nxc3 Nbd7 18.Nc4 Qb4 19.Nxb6 Nxb6 20.d5 Nfd7 21.dxc6 Bxc6 22.Rb1 Qe7
23.axb5 axb5 24.Nxb5 Rfc8 25.Qd2 Bxb5 26.Bxb5 Rd8 27.Qf2 Nc8 28.Rfd1 Nf8
29.Rd4  0-1

[Event "15th Schachtuerken Cup"]
[Site "Paderborn GER"]
[Date "2018.12.30"]
[Round "7.1"]
[White "Bluebaum,K"]
[Black "Levin,F"]
[Result "1/2-1/2"]
[WhiteElo "2269"]
[BlackElo "2482"]

1.d4 d5 2.c4 dxc4 3.e4 Nf6 4.e5 Nd5 5.Bxc4 Bf5 6.a3 e6 7.Nc3 Nb6 8.Ba2 Nc6
9.Nge2 Qd7 10.O-O O-O-O 11.Be3 h5 12.Rc1 h4 13.b4 h3 14.g3 Kb8 15.f3 f6  1/2-1/2

[Event "World Blitz Women 2018"]
[Site "St Petersburg RUS"]
[Date "2018.12.30"]
[Round "12.19"]
[White "Maletina,Tatiana"]
[Black "Arabidze,M"]
[Result "0-1"]
[WhiteElo "2270"]
[BlackElo "2387"]

1.d4 d5 2.c4 dxc4 3.e4 Nc6 4.Nf3 Bg4 5.Be3 Nf6 6.Nc3 Bxf3 7.gxf3 e5 8.d5 Ne7
9.Bxc4 a6 10.a4 Ng6 11.Qb3 Bd6 12.Qxb7 O-O 13.Qb3 Nh5 14.Qc2 Qf6 15.Be2 Nh4
16.O-O-O Nf4 17.Bxf4 Qxf4+ 18.Qd2 Qf6 19.Qe3 Ng2 20.Qd2 Bc5 21.Rhg1 Nf4 22.Bc4 Rab8
23.Rg3 Rb4 24.b3 Rfb8 25.Rdg1 g6 26.Kc2 Qb6 27.Rb1 Bd4 28.Rgg1 Bxf2 29.Rgf1 Be3
30.Qe1 Bd4 31.Na2 Qc5 32.Nxb4 Rxb4 33.Qd2 Rxc4+ 34.bxc4 Qxc4+ 35.Kd1 Qxf1+
36.Kc2 Qxf3 37.Rb8+ Kg7 38.Qb4 Qd3+ 39.Kc1 Ne2+  0-1

[Event "World Blitz Women 2018"]
[Site "St Petersburg RUS"]
[Date "2018.12.30"]
[Round "15.44"]
[White "Atalik,E"]
[Black "Goltseva,Ekaterina"]
[Result "1/2-1/2"]
[WhiteElo "2447"]
[BlackElo "2153"]

1.d4 d5 2.c4 dxc4 3.e4 b5 4.a4 c6 5.axb5 cxb5 6.Nc3 a6 7.Nxb5 axb5 8.Rxa8 Bb7
9.Ra2 e6 10.Nf3 Bb4+ 11.Bd2 Nc6 12.Be2 Nf6 13.e5 Ne4 14.Bxb4 Nxb4 15.Ra3 O-O
16.O-O Qd5 17.Ra7 Rd8 18.Qc1 h6 19.Rd1 Rd7 20.h4 Nc6 21.Ra1 Rd8 22.Qf4 b4
23.Rac1 Na5 24.Bf1 Rc8 25.g3 Nb3 26.Rc2 c3 27.Bg2 Qd7 28.Ne1 Ned2 29.bxc3 bxc3
30.Bxb7 Qxb7 31.Qe3 Qc6 32.Qd3 Ne4 33.Qf3 Nbd2 34.Qd3 Qa4 35.Rdc1 Qb4 36.Kg2 Rc4
37.f3 Rxd4 38.Qe3 Nc5 39.Qxc3 Qxc3 40.Rxc3 Ncb3 41.Rd1 Rd5 42.Rd3 Rxe5 43.Kf2 Rd5
44.Rxd5 exd5 45.Ke2 Nc4 46.Rxd5 Kh7 47.Rd7 Ne5 48.Re7 f6 49.Nd3 Nd4+ 50.Ke3 Nexf3
51.Nf4 Nf5+ 52.Kxf3 Nxe7 53.h5 g6 54.hxg6+ Nxg6 55.Nd5 Kg7 56.g4 Ne5+ 57.Kf4 Kg6
58.Ne7+ Kf7 59.Nf5 Kg6 60.Ne7+ Kf7 61.Ke4  1/2-1/2

[Event "World Blitz 2018"]
[Site "St Petersburg RUS"]
[Date "2018.12.30"]
[Round "18.45"]
[White "Miton,K"]
[Black "Lintchevski,D"]
[Result "0-1"]
[WhiteElo "2588"]
[BlackElo "2516"]

1.d4 d5 2.c4 dxc4 3.e4 e5 4.Nf3 exd4 5.Bxc4 Bb4+ 6.Nbd2 Nc6 7.O-O Nf6 8.e5 Nd5
9.a3 Be7 10.Qb3 Na5 11.Qa4+ Nc6 12.Nxd4 Nb6 13.Nxc6 Nxa4 14.Nxd8 Bxd8 15.Ne4 Nb6
16.Bb3 Be7 17.Be3 Be6 18.Bxe6 fxe6 19.Rac1 Nd5 20.Bc5 Rf8 21.Bxe7 Kxe7 22.b4 Rad8
23.Nc5 b6 24.Nb3 Rf4 25.Rfd1 Nc3 26.Rxd8 Ne2+ 27.Kf1 Nxc1 28.Rd4 Rxd4 29.Nxd4 Nd3
30.Nb5 Nxe5 31.Nxc7 Nc4 32.a4 a5 33.bxa5 bxa5 34.Nb5 Nb6 35.Nc3 Kd6 36.Ke2 Kc5
37.Kd3 Kb4 38.Ne4 Nxa4 39.Kc2 Nc5 40.Ng5 h6 41.Nf7 a4 42.Ne5 a3 43.f3 Na4
44.Kb1 Nc3+ 45.Ka1 Kc5 46.Nd7+ Kd4 47.Nf8 Ke5 48.g3 g5 49.h4 gxh4 50.Ng6+ Kf6
51.Nxh4 Ne2 52.g4 Nf4  0-1

[Event "World Blitz 2018"]
[Site "St Petersburg RUS"]
[Date "2018.12.30"]
[Round "21.42"]
[White "Paravyan,D"]
[Black "Moiseenko,Va"]
[Result "1/2-1/2"]
[WhiteElo "2634"]
[BlackElo "2501"]

1.d4 d5 2.c4 dxc4 3.e4 e5 4.Nf3 exd4 5.Bxc4 Bb4+ 6.Bd2 Bxd2+ 7.Nbxd2 Nc6
8.O-O Qf6 9.b4 a6 10.a4 Nge7 11.b5 axb5 12.axb5 Rxa1 13.Qxa1 Ne5 14.Nxe5 Qxe5
15.Nf3 Qc5 16.Rc1 Qb6 17.Qxd4 Qxd4 18.Nxd4 Bd7 19.e5 c6 20.e6 fxe6 21.Nxe6 Bxe6
22.Bxe6 Rf8 23.Ra1 Ng6 24.bxc6 bxc6 25.Ra7 Rf6 26.Bg8 h6 27.g3 Ne7 28.Bc4 g5
29.Kg2 Rd6 30.Ra8+ Rd8 31.Bf7+ Kd7 32.Ra2 Kd6 33.Re2 Rf8 34.Re6+ Kd7 35.Rf6 Nd5
36.Be6+ Ke7 37.Rxh6 Nf6 38.Bc4 Ng4 39.Re6+ Kd7 40.f3 Nf6 41.Re5 g4 42.fxg4 Nxg4
43.Re2 Kd6 44.h3 Ne5 45.Bb3 c5 46.Rd2+ Kc6 47.Bd5+ Kc7 48.g4 Rd8 49.Kg3 c4
50.Rd1 c3 51.Bb3 Rb8 52.Bc2 Rb2 53.Rc1 Kd6 54.Bf5 Rb3 55.h4 Kc5 56.h5 Kd4
57.h6 Nf7 58.h7 Ke5 59.Re1+ Kf6 60.Be6 Rb8 61.Ba2 Ng5 62.Rh1 Nxh7 63.Rxh7 c2
64.Rc7 Rb2 65.Bd5 Ke5 66.Bg8 Kd4 67.Bh7 Rb3+ 68.Kf4  1/2-1/2

[Event "48th Rilton Cup 2018-19"]
[Site "Stockholm SWE"]
[Date "2018.12.30"]
[Round "4.74"]
[White "Polyakov,Fedor"]
[Black "Cherepov,A"]
[Result "0-1"]
[WhiteElo "2078"]
[BlackElo "2226"]

1.d4 d5 2.c4 dxc4 3.e4 c5 4.Nf3 cxd4 5.Qxd4 Qxd4 6.Nxd4 Bd7 7.Bxc4 Nc6 8.Be3 Nf6
9.Nc3 e5 10.Ndb5 Rc8 11.Rd1 Nd4 12.Nxd4 exd4 13.Rxd4 Bc5 14.Bb3 Bxd4 15.Bxd4 Be6
16.e5 Nd7 17.O-O Bxb3 18.axb3 a6 19.Ne4 O-O 20.f4 Rc6 21.Nd6 b6 22.Bc3 a5
23.Rf3 Nc5 24.Rg3 g6 25.h4 Rd8 26.h5 Kf8 27.hxg6 hxg6 28.b4 Na4 29.Be1 Rc1
30.Re3 Nxb2 31.bxa5 bxa5 32.Kh2 Nc4 33.Nxc4 Rxc4 34.Rh3 Rxf4 35.Bxa5 Rdd4
36.Bc7 Rh4 37.Rxh4 Rxh4+ 38.Kg3 Rc4 39.Bd8 Ke8 40.Bf6 Kd7 41.Kf3 Ke6 42.g4 Kd5
43.Bg7 Re4 44.Bf6 Rxe5 45.Bxe5 Kxe5 46.Ke3 g5 47.Kf3 Kd4 48.Kf2 Ke4 49.Kg3 Ke3  0-1

[Event "48th Rilton Cup 2018-19"]
[Site "Stockholm SWE"]
[Date "2018.12.31"]
[Round "5.37"]
[White "Risting,Eivind Olav"]
[Black "Percivaldi,Martin"]
[Result "1/2-1/2"]
[WhiteElo "2281"]
[BlackElo "2393"]

1.d4 d5 2.c4 dxc4 3.e4 Nf6 4.e5 Nd5 5.Bxc4 Nb6 6.Bd3 Nc6 7.Ne2 Bg4 8.f3 Bh5
9.Nbc3 e6 10.Be3 Qd7 11.a4 Nb4 12.Be4 N6d5 13.Bf2 a5 14.O-O Be7 15.Qd2 Bg6
16.Rac1 O-O 17.Rfd1 Rac8 18.Nxd5 exd5 19.Bxg6 fxg6 20.b3 g5 21.Be3 Qf5 22.Rf1 b6
23.g4 Qd3 24.Ng3 g6 25.Bxg5 Bxg5 26.Qxg5 Qxd4+ 27.Kh1 Kh8 28.Rcd1 Qf4 29.Qxf4 Rxf4
30.Ne2 Rf7 31.f4 Re8 32.Nc3 g5 33.Nxd5 Nxd5 34.Rxd5 gxf4 35.Kg2 Re6 36.Kf3 Rh6
37.Ke4 Rxh2 38.Rxf4 Re7 39.Rf6 Re2+ 40.Kf4 Kg7 41.g5 Re1 42.Rc6 Rf1+ 43.Kg4 Rb1
44.Rd3 Rg1+ 45.Kh5 Rh1+ 46.Kg4 Rg1+ 47.Kh5 Rh1+  1/2-1/2

[Event "31st Staufer-Open 2019"]
[Site "Schwaebisch Gmuend GER"]
[Date "2019.01.02"]
[Round "2"]
[White "Vorobiov,E"]
[Black "Zwahr,P"]
[Result "1-0"]
[WhiteElo "2570"]
[BlackElo "2271"]

1.d4 d5 2.c4 dxc4 3.e4 Nc6 4.Nf3 Nf6 5.Nc3 Bg4 6.d5 Ne5 7.Bf4 Bxf3 8.gxf3 Nfd7
9.Be3 e6 10.f4 Nd3+ 11.Bxd3 cxd3 12.Qxd3 exd5 13.O-O-O Nb6 14.Nxd5 Nxd5 15.Qb5+ c6
16.Qxb7 Qc8 17.Qxc8+ Rxc8 18.exd5 Bd6 19.dxc6 Rxc6+ 20.Kb1 a6 21.Rd4 Ke7
22.Re4+ Kd7 23.Rd1 Re8 24.Red4 Rec8 25.f5 Ke7 26.f6+ gxf6 27.Re4+ Kd7 28.Bf4 Rb8
29.Red4 Rbb6 30.b4 Ke6 31.Bxd6 Rxd6 32.Rxd6+ Rxd6 33.Rxd6+ Kxd6 34.Kc2 Kd5
35.Kd3 h5 36.h4  1-0

[Event "Bay Area Int Open 2019"]
[Site "Burlingame USA"]
[Date "2019.01.07"]
[Round "9.11"]
[White "Santarius,E"]
[Black "Prohaszka,P2"]
[Result "0-1"]
[WhiteElo "2393"]
[BlackElo "2613"]

1.d4 d5 2.c4 dxc4 3.e4 e5 4.Nf3 exd4 5.Bxc4 Nc6 6.O-O Bc5 7.Nbd2 Bb6 8.b4 Nge7
9.a4 a6 10.Ng5 Ne5 11.Ba2 O-O 12.f4 Ng4 13.f5 d3+ 14.Kh1 Bxf5 15.Bb2 Qd6
16.g3 Qh6 17.Ndf3 Ne3 18.Qxd3 Nxf1 19.Rxf1 Bg6 20.a5 Ba7 21.h4 Rad8 22.Qc3 Nc6
23.Bd5 Bh5 24.Kg2 Kh8 25.Kh3 Bxf3 26.Qxf3 f6 27.Bxc6 bxc6 28.Ne6 Qd2 29.Bc3 Qd7
30.Qg4 Rfe8 31.Rd1 Qe7 32.Nxd8 Rxd8 33.Rxd8+ Qxd8 34.Qe6 h5 35.e5 Qd1 36.Qxc6 fxe5
37.Qa8+ Kh7 38.Qe4+ g6 39.Be1 Bd4 40.b5 axb5 41.a6 b4 42.Kg2 b3 43.a7 Bxa7
44.Qxe5 Qc2+ 45.Kh1 Qc5  0-1